000 00690cam a2200229 4500
001 ABS61391
008 000000n1999 000 0 eng u
035 _a(Sirsi) u101123
100 _aHarvey, P.
245 _aClicks and mortar - how E-commerce is changing the property world
260 _c1999
490 _aProperty Systems Review
_v(11) Autumn 1999, 26(1)
520 _aLooks at how E-commerce is impacting on the property industry.
590 _aABS
650 _aE-COMMERCE
650 _aPROPERTY INDUSTRY
650 _aINTERNET
650 _aUNITED KINGDOM
650 _aUNITED STATES
690 _aMANAGEMENT-BUSINESS MANAGEMENT-INFORMATION MANAGEMENT
942 _n0
999 _c60326
_d60326